000 00180 a2200097 4500
020 _a9780446516778
041 _aeng
100 _aLarry Bond
245 _aDay of wrath
942 _cBK
999 _c11437
_d11437